Letuška z economy, aneb, Co na Instagramu neuvidíte /
Autobiografické vyprávění o životě a práci letušky v Dubaji.
Uloženo v:
| Hlavní autor: | |
|---|---|
| Další autoři: | , |
| Médium: | E-audiokniha |
| Jazyk: | Czech |
| Vydáno: |
Praha :
Voxi,
[2020]
|
| Témata: | |
| Tagy: |
Žádné tagy |
| LEADER | 04183nim a2200937 i 4500 | ||
|---|---|---|---|
| 001 | 313063 | ||
| 003 | CZ PrSKC | ||
| 005 | 20260601215734.0 | ||
| 007 | sd fungnnmmned | ||
| 008 | 200728t20202020xr nnnng a n cze | ||
| 015 | |a cnb003240103 | ||
| 024 | 3 | |a 8594050430044 | |
| 040 | |a ABA001 |b cze |e rda | ||
| 043 | |a e-xr--- | ||
| 045 | |a y-y- | ||
| 072 | 7 | |a 656.6/.7 |x Vodní a letecká doprava |2 Konspekt | |
| 072 | 7 | |a 929 |x Biografie |2 Konspekt | |
| 080 | |a 656.7.075-051 |2 MRF | ||
| 080 | |a 929 |2 MRF | ||
| 080 | |a (437.3) |2 MRF | ||
| 080 | |a (0:82-94) |2 MRF | ||
| 080 | |a (086.7)08 |2 MRF | ||
| 080 | |a (086.76) |2 MRF | ||
| 100 | 1 | |a Jirglová, Petra, |d 1988- |7 xx0237274 |4 aut | |
| 245 | 1 | 0 | |a Letuška z economy, aneb, Co na Instagramu neuvidíte / |c Petra Jirglová |
| 246 | 3 | 0 | |a Co na Instagramu neuvidíte |
| 264 | 1 | |a Praha : |b Voxi, |c [2020] | |
| 264 | 4 | |c ©2020 | |
| 300 | |a 1 audiodisk (4 hod., 54 min.) ; |c 12 cm | ||
| 306 | |a 045400 | ||
| 336 | |a mluvené slovo |b spw |2 rdacontent | ||
| 337 | |a audio |b s |2 rdamedia | ||
| 338 | |a audiodisk |b sd |2 rdacarrier | ||
| 344 | |a digital |b optical |2 rda | ||
| 347 | |a audio soubor |b MP3 |2 rda | ||
| 500 | |a Název z disku | ||
| 500 | |a Copyright Albatros Media | ||
| 500 | |a Nezkrácená audiokniha ve formátu MP3 | ||
| 500 | |a Podle stejnojmenné knihy vydané nakladatelstvím Pointa Publishing s.r.o. v roce 2019 | ||
| 508 | |a Režie Ivo Martiník | ||
| 511 | 0 | |a Čte Kristýna Leichtová | |
| 520 | 2 | |a Autobiografické vyprávění o životě a práci letušky v Dubaji. |b Petra Jirglová toužila jako čerstvá třicátnice objevovat svět. Když získala práci letušky v Dubaji, začal se jí plnit životní sen: cestovat a ještě za to dostat zaplaceno. O svých zážitcích z cest i ze života začala psát blog TooSweetNothings, s nadhledem a humorem. Rok svého života letušky v Dubaji shrnula na stránkách této knížky. | |
| 600 | 1 | 7 | |a Jirglová, Petra, |d 1988- |7 xx0237274 |2 czenas |
| 648 | 7 | |a 21. století |7 ch460559 |2 czenas | |
| 650 | 0 | 7 | |a palubní průvodčí |7 ph796901 |z Česko |y 21. století |2 czenas |
| 655 | 7 | |a autobiografické vzpomínky |7 fd131854 |2 czenas | |
| 655 | 7 | |a audioknihy |7 fd119452 |2 czenas | |
| 655 | 7 | |a kompaktní disky |7 fd201991 |2 czenas | |
| 700 | 1 | |a Martiník, Ivo, |d 1979- |7 xx0245709 |4 drt | |
| 700 | 1 | |a Leichtová, Kristýna, |d 1985- |7 js20060616009 |4 nrt | |
| 900 | |a ABA001 |b 18 | ||
| 044 | |a xr | ||
| 505 | 0 | 0 | |t Bezčasí (9 min., 28 sek.) |
| 505 | 0 | 0 | |t Pohovor (10 min., 41 sek.) |
| 505 | 0 | 0 | |t Tak jsem tady (6 min., 34 sek.) |
| 505 | 0 | 0 | |t Měla bych se učit (5 min., 19 sek.) |
| 505 | 0 | 0 | |t Konec a začátek (9 min., 20 sek.) |
| 505 | 0 | 0 | |t Not that glamorous (8 min., 40 sek.) |
| 505 | 0 | 0 | |t Cesta kolem kousku světa (16 min., 42 sek.) |
| 505 | 0 | 0 | |t All you need is love (10 min., 50 sek.) |
| 505 | 0 | 0 | |t Vzhůru nohama (19 min., 33 sek.) |
| 505 | 0 | 0 | |t Co my letušky nesnášíme (5 min., 8 sek.) |
| 505 | 0 | 0 | |t Dávám bolševikovi rok, maximálně dva (11 min., 22 sek.) |
| 505 | 0 | 0 | |t Eine kleine Weihnachten (15 min., 30 sek.) |
| 505 | 0 | 0 | |t Veg Veg a Mamsir (18 min., 0 sek.) |
| 505 | 0 | 0 | |t Číňani, Číňani everywhere (21 min., 30 sek.) |
| 505 | 0 | 0 | |t Prototyp letušky (4 min., 53 sek.) |
| 505 | 0 | 0 | |t Všechny cesty vedou do Říma (14 min., 6 sek.) |
| 505 | 0 | 0 | |t Na dovolený doma (7 min., 32 sek.) |
| 505 | 0 | 0 | |t Pařba v Bangkoku (18 min., 22 sek.) |
| 505 | 0 | 0 | |t S Hedvikou na tripu (21 min., 24 sek.) |
| 505 | 0 | 0 | |t Tváří v tvář smrti (8 min., 46 sek.) |
| 505 | 0 | 0 | |t I cesta je cíl (16 min., 24 sek.) |
| 505 | 0 | 0 | |t Čaj o páté (12 min., 55 sek.) |
| 505 | 0 | 0 | |t Když se chce, všechno jde (7 min., 32 sek.) |
| 505 | 0 | 0 | |t Není všechno zlato, co se třpytí (5 min., 54 sek.) |
| 505 | 0 | 0 | |t Závěr (2 min., 46 sek.) |
| 505 | 0 | 0 | |t Poděkování (4 min., 49 sek.) |
| 910 | |a RBIT002 | ||
| 998 | |d 206747 |a https://core.palmknihy.cz/api/books/206747/cover?sia8si |b https://core.palmknihy.cz/api/books/206747/cover/400?sia8si |c https://core.palmknihy.cz/api/books/206747/cover/50?sia8si |e 2050-12-31 |i 8594050430044 |l 17640 |q 49 |r 1 |s https://www.palmknihy.cz/kniha/206747 |t audiobook |y 2020 |z 0 | ||
| 999 | |d 313061 | ||